000 00295nam a2200097Ia 4500
008 220204s9999 xx 000 0 und d
082 _a677.21:382.6(540)
_bIND
245 0 _aIndia's export of cotton textiles, Jan-Mar 1972
260 _aBombay
_bCotton textiles export promotion council
942 _cBK
999 _c22295
_d22295